00631nam a2200205 a 4500001001300000003000900013005001700022008004100039020002300080082002000103100001700123245008100140260005500221300000900276500003500285505004300320650002200363650002300385700001700408nice12345678IN_TiNIC20260116013736.0050524s1997 newa grp 000 0 eng  a8121577 c29000a500.802945bSHE aShekhawat, V aOn Rational Historiographyb an Attempt at Logical Construction of a Histori aNew Delhi bMunshiram Manoharlal Publishers c1997 a152p aincludes index and biblioraphy2 aAppendices, Notes, Bibliography, Index aVedas and Science aHinduism and State1 aShekhawat, V